Expanding choice (Record no. 107262)

MARC details
000 -LEADER
fixed length control field 01684cad a22002535a 4500
001 - CONTROL NUMBER
control field L138843
008 - FIXED-LENGTH DATA ELEMENTS--GENERAL INFORMATION
fixed length control field 070716s2007 xxk f 000 0 eng d
035 ## - SYSTEM CONTROL NUMBER
System control number (Sirsi) u138843
041 0# - LANGUAGE CODE
Language code of text/sound track or separate title eng
050 04 - LIBRARY OF CONGRESS CALL NUMBER
Classification number 306.1 $2 18
110 2# - MAIN ENTRY--CORPORATE NAME
Corporate name or jurisdiction name as entry element Home Builders Federation
Subordinate unit Affordable Housing Policy Group
9 (RLIN) 5274
245 00 - TITLE STATEMENT
Title Expanding choice
Remainder of title increasing the supply of affordable housing
Medium [electronic resource]
260 ## - PUBLICATION, DISTRIBUTION, ETC.
Place of publication, distribution, etc. London
Name of publisher, distributor, etc. HBF
Date of publication, distribution, etc. 2007
505 2# - FORMATTED CONTENTS NOTE
Formatted contents note Report objectives -- Summary and recommendations -- Achieving government objectives -- What do we mean by housing affordability -- Defining the limits between open-market and affordable housing -- Increasing the supply of housing that is affordable -- Improving the s106 affordable housing process
520 ## - SUMMARY, ETC.
Summary, etc. Considers how to increase the supply of housing that is more affordable, and reviews a range of measures with HBF recommendations. These include rebalancing supply and demand, public and private subsidies for housing, public sector land?s contribution, private sector low-cost market housing, improving the social housing stock contribution, private sector financial initiatives, and right to buy. Also examines how to improve the process by which affordable housing is provided through s106 agreements on new housing sites.
590 ## - LOCAL NOTE (RLIN)
Local note KA NTK
650 24 - SUBJECT ADDED ENTRY--TOPICAL TERM
Topical term or geographic name entry element Affordable housing
9 (RLIN) 6215
650 24 - SUBJECT ADDED ENTRY--TOPICAL TERM
Topical term or geographic name entry element TOWN AND COUNTRY PLANNING ACT 1990 S106
650 24 - SUBJECT ADDED ENTRY--TOPICAL TERM
Topical term or geographic name entry element PLANNING OBLIGATIONS
651 #4 - SUBJECT ADDED ENTRY--GEOGRAPHIC NAME
Geographic name England and Wales
Chronological subdivision 1543-
690 ## - LOCAL SUBJECT ADDED ENTRY--TOPICAL TERM (OCLC, RLIN)
Topical term or geographic name as entry element PROPERTY-RESIDENTIAL PROPERTY-RESIDENTIAL PROPERTY DEVELOPMENT
856 40 - ELECTRONIC LOCATION AND ACCESS
Uniform Resource Identifier <a href="https://www.hbf.co.uk/index.php?id=1932">https://www.hbf.co.uk/index.php?id=1932</a>
Public note View the report free of charge at www.hbf.co.uk...
942 ## - ADDED ENTRY ELEMENTS (KOHA)
Suppress in OPAC 0
Holdings
Withdrawn status Lost status Source of classification or shelving scheme Damaged status Not for loan Home library Current library Shelving location Date acquired Total Checkouts Full call number Barcode Date last seen Copy number Price effective from Koha item type
    Dewey Decimal Classification     Virtual Virtual Online 16/07/2007   ONLINE PUBLICATION 138843-2001 06/08/2019 1 06/08/2019 Book